Statistiques concernant Manga - One piece - Les Mugiwaras

Cliquez ici pour prendre le quiz!

Statistiques générales

  • Ce quiz a été pris 3 606 fois
  • Le résultat moyen est 3 sur 10

Statistiques - réponses

HintRéponse% Correct
3Nami
69%
1Monkey D Luffy
68%
2Roronoa Zoro
57%
4Usopp
26%
9Brook
23%
5Vinsmoke Sanji
23%
8Franky
18%
7Nico Robin
18%
10Jinbe
17%
6Tony Tony Chopper
13%

Distribution des résultats

Percentile par nombre de réponses

% des personnes avec chaque résultat

Votre développement - résultats

Vous n’avez pas pris ce quiz